000 00597nam a2200241Ia 4500
003 OSt
005 20221005130904.0
006 a|||||r|||| 00| 0
007 ta
008 221004b |||||||| |||| 00| 0 kan d
024 _a60768
037 _cTextual
040 _aCRL
_cCRL
_bkan
041 _2kan
_akan
082 _aO33,1NAK,1, J3
100 _aEkkundi S.R. Au.
_9638804
245 0 _aSantana
260 _c1953
650 _a KANNAD POETRY
650 _aKANNAD LITERATURE
942 _hO33,1NAK,1, J3
_cTEXL
_2cc
999 _c1058694
_d1058694